| 000 | 00735pam a2200241 a 4500 | ||
|---|---|---|---|
| 001 | 2471232 | ||
| 005 | 20180115042023.0 | ||
| 008 | 900718s1991 maua b 001 0 eng | ||
| 010 | _a 90043131 | ||
| 020 | _a0205127266 (student ed.) | ||
| 020 | _a0205129560 | ||
| 040 |
_aDLC _cDLC _dDLC |
||
| 041 | _aeng | ||
| 080 | _a150.724 CHRI | ||
| 082 | 0 | 0 |
_a150.724 CHRI _220 |
| 100 | 1 | _a48 | |
| 101 | _aPSI | ||
| 245 | 1 | 0 |
_aExperimental methodology / _cLarry B. Christensen. |
| 504 | _aIncludes bibliographical references (p. 477-498) and index. | ||
| 906 |
_a7 _bcbc _corignew _d1 _eocip _f19 _gy-gencatlg |
||
| 942 |
_2ddc _cBK |
||
| 999 |
_c40237 _d40237 |
||